000 00554nam a2200205Ia 4500
005 20250508151108.0
008 008 250505s9999 xx 000 0 eng d
037 _aTextual
040 _aFEDL
_beng
_cFEDL
041 _aeng
_2eng
084 _a150, MCD
_qFEDL
100 _aMcDougall Willam
_9756507
245 0 _aPsychology: The study of behaviour
250 _a2nd
260 _aLondon, UK
_bOxford University Press
_c1952
300 _axix,191p
650 _aPsychology
942 _cTEXL
_h150, MCD
999 _c1327563
_d1327563